Detalles MARC
| 000 -LIDER |
| fixed length control field |
00956nam a2200349 4500 |
| 001 - NÚMERO DE CONTROL |
| Identificador de número de control |
a5282688 |
| 003 - IDENTIFICACDOR DE NÚMERO DE CONTROL |
| control field |
DO-SdBPM |
| 005 - DATE AND TIME OF LATEST TRANSACTION |
| control field |
20250407111417.0 |
| 007 - CAMPOS FIJOS DE DESCRIPCIÓN FÍSICA |
| fixed length control field |
a5282688 |
| 008 - ELEMENTOS DE LONGITUD FIJA |
| fixed length control field |
110328s1986 sp d spa |
| 015 ## - NÚMERO DENTRO DE LA BIBLIOGRAFÍA NACIONAL |
| National bibliography number |
|
| 017 ## - NÚMERO DE REGISTRO DE DERECHOS DE AUTOR |
| Copyright or legal deposit number |
|
| Assigning agency |
|
| 020 ## - ISBN |
| International Standard Book Number |
8420447927 |
| 035 ## - NÚMERO LOCAL |
| System control number |
|
| 040 ## - FUENTE DE CATALOGACIÓN |
| Agencia que crea de manera original el registro |
BPMSU |
| Idioma de catalogación |
spa |
| Agencia que realiza la transcripción |
BPMSU |
| Convenciones de la despripción |
|
| 082 #4 - NÚMERO DE CLASIFICACIÓN DECIMAL DE DEWEY |
| Classification number |
823.91 |
| Item number |
D131m 1995 |
| Edition number |
22 |
| 084 ## - OTRO NÚMERO DE CLASIFICACIÓN |
| Classification number |
|
| Number source |
|
| 100 1# - ASIENTO PRINCIPAL -- NOMBRE PERSONAL |
| Nombre personal |
Dahl, Roald |
| Fechas asociadas con el nombre |
1916-1990. |
| 245 10 - MENCIÓN DE TITULO |
| Título |
Matilda / |
| Mención de responsabilidad |
Johanna Goede ; ilustraciones Checo Merette |
| 260 ## - PUBLICACIÓN, DISTRIBUCIÓN, ETC. (PIE DE IMPRENTA) |
| Lugar de publicación, distribución, etc |
Barcelona : |
| Nombre del editor, distribuidor, etc. |
Alfaguara, |
| Fecha de publicación, distribución, etc |
1988 |
| 300 ## - DESCRIPCIÓN FÍSICA |
| Extensión |
230 p.: |
| Dimensiones |
30 cm. |
| Otros detalles físicos |
|
| Material complementario |
|
| 336 ## - CONTENT TYPE |
| Content type term |
Música (interpretada) |
| Source |
isbdcontent |
| 337 ## - MEDIA TYPE |
| Media type term |
audio |
| Source |
isbdmedia |
| 500 ## - NOTA GENERAL |
| Nota general |
|
| 511 1# - PARTICIPANT OR PERFORMER NOTE |
| Participant or performer note |
|
| 590 ## - NOTA LOCAL |
| Texto de la nota local |
Inventariado, 2025/VM |
| 650 #4 - ENCABEZAMIENTO DE MATERIA--TEMÁTICO |
| Término temático o nombre geográfico como elemento de entrada |
Cuentos infantiles dominicanos |
| 650 #4 - ENCABEZAMIENTO DE MATERIA--TEMÁTICO |
| Término temático o nombre geográfico como elemento de entrada |
Literatura infantil dominicana |
| 700 1# - ASIENTO SECUNDARIO -- NOMBRE PERSONAL |
| Nombre personal |
Merette, Checo |
| Mención de responsabilidad |
ilustración |
| 910 ## - VALIDACIÓN |
| Validación |
VMateo V. Control de calidad. BPMSU |
| 942 ## - ADDED ENTRY ELEMENTS (KOHA) |
| Source of classification or shelving scheme |
Dewey Decimal Classification |
| Koha item type |
Libros |